000
00310nam a2200121Ia 4500
008
180222s9999||||xx |||||||||||||| ||und||
020
_c
NT
_3
50
_a
978-986-320-541-8
100
_a
黃靜雅
245
0
_c
黃靜雅
_a
大口一吞,然後呢?
250
_a
一版
260
_c
2014.08
_a
台北市
300
_c
cm.
_a
p.
942
_2
ccl
_c
BOOK
999
_c
6076
_d
6076